000 00800nam a2200229Ia 4500
003 GCL
008 140319s9999 xx 000 0 ara d
020 _a5039307977
040 _aGCL /
_cGCL
082 0 4 _a001.6425
_bأ ف \\=aخالد العامرىv
245 1 0 _aفيجوال بيسك VISUAL BASIC :
_bفى خطوات سهلة IN EASY STEPS
700 1 _aاندرسون، تيم
700 1 _aايناس عادل
250 _aالاولى
260 _aالقاهرة :
_bدار الفاروق للنشر والتوزيع ،
_c1999
300 _a156 ص ؛
_c24 سم
650 0 4 _aالحاسبات الالكترونية
650 0 4 _aالبرامج الالية
650 0 4 _aالحاسبات الالكترونية - برامج
650 0 4 _aفيجوال بيسك
942 _2ddc
_cBK
999 _c4980
_d4980